000 01575nam a2200361 a 4500
999 _c39584
_d39584
003 BLK
005 20230713005230.0
008 180408b bul|||||r ||||||| ||bul||
010 _aKNG00042940000
020 _a954-526-003-3
040 _aBLK
041 _aBUL
_cBUL
080 _aИздания за деца и юноши. Книжки-картинки. Читанки. Вж и 372.4
_b087.5
_z087.5
100 1 _aУолъмбъри, Колин
_eпърви автор
_gНиколов, Любомир Славов
_9133000
139 _aНиколов, Любомир Славов
_bН 74
245 1 0 _aТайната на светещия мъх
_bКн.-игра за юноши
_c* Любомир Славов Николов; Колин Уолъмбъри; худож. Никифор Русков.
257 _aBGR
260 _aСофия
_bПлеяда 7
_c1993
_fВраца : Полипринт
300 _a150 с.
_bс ил.
_c20 см
380 _a0
500 _aКолин Уолъмбъри - псевд. на авт. Любомир Славов Николов. - 12 080 тир.
650 4 _aКниги-игри
_9158798
653 _aкниги-игри
700 1 _aРусков, Никифор
_eхудож.
_9364263
700 _aНиколов, Любомир Славов, 1950 -
_e*
_9242031
852 _aЦб 170068
856 4 _qpdf
_i0.00
_ldisable
856 4 _qpdf
_i0.00
_ldisable
942 _cKNG
_n0
_s1
944 _aCR
_c11.11.2005
_lCRON CRON
_k
944 _aED
_c27.01.2014
_lф /
999 _d39584